|
|
|
|
| LEADER |
00764cam a2200229 7i4500 |
| 001 |
0000051711 |
| 005 |
20200605090000.0 |
| 020 |
|
|
|a 9781449665494 (pbk.)
|
| 020 |
|
|
|a 9781449651589 (pbk.)
|
| 090 |
0 |
0 |
|a RA651
|b .F75 2014
|
| 100 |
1 |
|
|a Friis, Robert H
|
| 245 |
1 |
0 |
|a Epidemiology for public health practice
|c Robert H. Friis, Thomas A. Sellers.
|
| 250 |
|
|
|a 5th ed.
|
| 260 |
|
|
|a Burlington, MA:
|b Jones & Bartlett Learning,
|c 2014.
|
| 300 |
|
|
|a xxiv, 804 p.:
|b ill.;
|c 23 cm.
|
| 504 |
|
|
|a Includes bibliographical references and index
|
| 650 |
0 |
0 |
|a Public health personnel
|
| 650 |
0 |
0 |
|a Epidemiology
|
| 700 |
1 |
|
|a Sellers, Thomas A
|
| 997 |
|
|
|a Health Sciences, Faculty
|
| 998 |
|
|
|a Nursing, Diploma
|
| 999 |
|
|
|a 0000063422
|b BOK
|c OPEN SHELF
|e 1st Floor, Shah Alam
|